Nanatsu No Taizai (Seven Deadly Sins) - Personnages - Statistiques

Statistiques générales
  • Ce quiz a été pris 2 987 fois
  • Le résultat moyen est 13 sur 30
Statistiques - réponses
Indices Personnages % Correct
Son pouvoir est le "Full Counter" Meliodas
98%
Le renard immortel Ban
96%
Géante avec pour relique sacré "Gideon" Diane
94%
Roi des fées qui possède une relique appelée "Chastiefol" King
94%
Le péché de l'orgueil Escanor
90%
Le sanglier gourmand Merlin
89%
Elle a deux soeurs et a un pouvoir extraordinaire Elizabeth
83%
Le petit pantin de la luxure Gowther
80%
Chef de la Brigade des Épluchures! Hawk
77%
Il a un coup de FOUDRE pour Margaret Gilthunder
64%
La Gardienne de la Fontaine de Jouvence Elaine
54%
Chevalier sacré amoureuse de Ban Jericho
50%
Protecteur de Veronica Griamor
40%
Le démon gris Hendrickson
37%
Grand chevalier sacré qui transperce plusieurs fois Diane Dreyfus
36%
Nom complet du roi de Camelot Arthur Pendragon
35%
Chevalier sacré qui fait tout exploser! Guila
33%
Sorcière qui aime petit Gil Vivian
27%
Les tornades ça le connait Howzer
25%
Chevalier sacré que l'on voit uniquement mort dans l'animé Zaratras
19%
Moyen de transport du Boar Hat Hawk Mama
15%
Le chevalier sacré aux plusieurs visages Helbram
15%
Vieux monsieur qui bat King facilement Cain
12%
Le chien de compagnie de King Oslow
12%
Apprenti chevalier qui meurt lorsqu'il ingère le sang de démon Twigo
12%
Capitaine des Down Roar Slader
8%
Gros bras au tournoi de la lutte de Vaizel Taizoo
8%
Weird Fang berger Ruin
7%
Chevalier sacré qui à comme pouvoir : "Gravité" Marmas
5%
Weird Fang qui aime les insectes Friesia
4%
Aucun quiz correspondant
Distribution des résultats
% des personnes avec chaque résultat
Percentile par nombre de réponses
Votre historique - résultats
Vous n’avez pas pris ce quiz